000 01190 a2200229 4500
003 Nust
005 20221228130910.0
010 _a 93009013
020 _a0805327037
040 _cNust
082 0 0 _a621.395,KAT
100 1 _aKatz, Randy H.,
_9106204
245 1 0 _aContemporary logic design /
_cRandy H. Katz.
260 _aRedwood City, Calif. :
_bBenjamin/Cummings,
_cc1994.
300 _axxvi, 699 p. :
_bill. ;
_c24 cm.
505 _aIntroduction (Page-1), Two Level Combinational Logic (Page-40), Multilevel Combinational Logic (Page-110), Programmable and Steering Logic (Page-160), Arithmetic Circuits (Page-240), Sequential Logic Design (Page-282), Sequential Logic Case Studies (Page-329), Finite State Machine Design (Page-383), Finite State Machine Optimization (Page-449), Finite State Machine Implementation (Page-496), Computer Organization (Page-556), Controller Implementation (Page-601).
650 0 _aComputer-aided design.
650 0 _aElectronic digital computers
_xCircuits
_xDesign.
_983513
650 0 _aIntegrated circuits
_xVery large scale integration
_xDesign
_xData processing.
_910557
650 0 _aLogic design
_xData processing.
_92936
942 _2ddc
_cBK
999 _c193509
_d193509